Регионална библиотека "Любен Каравелов" - Русе

Избрани произведения (Запис номер 403688)

MARC детайли
000 -Лидер
Контролно поле с фиксирана дължина nam a22 a 4500
003 - Код на организацията, давaща контролен номер
Контролно поле BLK
005 - Дата и час на последна редакция
Контролно поле 20210329155125.0
008 - Елементи от данни с фиксирана дължина
fixed length control field 210329b bul|||||r ||||||| ||bul||
040 ## - Източник на каталожния запис
Идентификатор на билиотеката - собственик на записа BLK
041 ## - Код за език
Код за езика на текст/звукозапис или на отделно заглавие Български
Код за езика КДБФ Български
080 ## - УДК
Текстов определител УДК Марксизъм-ленинизъм. Научен комунизъм
УДК код - определител по УДК 141.82
УДК определител (081.2)
УДК - код + определител 141.82(081.2)
080 ## - УДК
Текстов определител УДК Примитивни икономически системи, робовладелско, феодално, капиталистическо, комунистическо, свободно и контролирано стопанство
УДК код - определител по УДК 330.342.1
УДК определител (081.2)
УДК - код + определител 330.342.1(081.2)
100 1# - Редна дума - Автор
Автор Ленин, Владимир Илич
Авторска отговорност първи автор
R(LIN) 364996
139 ## - Редно поле
Редна дума Ленин, Владимир Илич
Авторски знак Лен - Л 45
245 10 - Сведения за заглавието
Заглавие Избрани произведения
Подзаглавни данни В 9 т.
Редно поле (дума) Владимир Илич Ленин; прев. от рус. Юрдан Грънчаров.
Том Т. 3
Заглавие на том Образуване на руската социалдемократическа работническа партия : Появяване на болшевишката и меншевишката фракция в партията
257 ## - Страна на издаване
Страна на създаване/издаване Русия
260 ## - Област на издателските данни
Място на издаване, разпространение и проч. София
Име на издателя, разпространителя и проч. БРП (к.)
Година на издаване 1946 -
9 (RLIN) 216888
300 ## - Физическа характеристика
Размери/Мащаб 21 см
380 ## - Жанр
Жанр Обществени науки
650 #4 - Допълнително описание по предмет – тема
Основно описание – тема или топоним Научен комунизъм
9 (RLIN) 253121
650 #4 - Допълнително описание по предмет – тема
Основно описание – тема или топоним Марксизъм-ленинизъм - философия
9 (RLIN) 277200
653 ## - Ключова дума – ненормативна
Ключова дума научен комунизъм
653 ## - Ключова дума – ненормативна
Ключова дума ленинизъм
700 ## - Други автори (авторска отговорност)
Лично име Грънчаров, Юрдан
Автороска отговорност (Описва отношението между автора и произведението) прев. от рус.
9 (RLIN) 323031
760 1# - Описание на основната серия
Редна дума на основното описание Ленин, Владимир Илич
Място на издаване, издател и година София, 1946
Страници - том 362 с.
Заглавие Т. 3: Образуване на руската социалдемократическа работническа партия : Появяване на болшевишката и меншевишката фракция в партията
852 ## - Местоположение
Форматна сигнатура Цб 3.205.19270
856 4# - Електронен адрес и достъп
Електронен формат pdf - файл
856 4# - Електронен адрес и достъп
Електронен формат pdf - файл
999 ## - СИСТЕМНИ КОНТРОЛНИ НОМЕРА
Koha biblionumber 403688
Koha biblioitemnumber 403688
942 ## - АРТИКУЛИ
Вид на библиотечния материал Книги
Скрит в OPAC Не
Периодичен библиозапис Да
944 ## - СЪЗДАВАНЕ И РЕДАКЦИЯ на ЗАПИСА
Създаване/Редакция Създаване
Дата на регистрацията/редакция 2021-03-29
Служител, извършил регистрацията/редакцията ДГ
Наличности
Код за отписване Код за изгубен артикул Източник на класификационната схема Код за повреда Коз за рестрикции Код за отдаване Артикулен № Име на библиотеката - собственик Име на библиотеката, в която се намира в момента Статус (Текущо местоположение) Дата на вписване в системата Местоположение - отдел Цена в лева Инвентарен номер Систематично азбучна сигнатура Баркод Цена в евро Служебен тип на артикула
  Не е изгубен Universal Decimal Classification Не е повреден само за читалня ползва се в читалня 819739 Регионална библиотека "Любен Каравелов" Русе Регионална библиотека "Любен Каравелов" Русе Хранилище 2021-04-07 Основен фонд - ползва се само за читалня 0.29 19270-ІІІ-е Цб 3.205.19270 900000043481 0.15 Книги
Vip Innovations Ltd, Rousse, Bulgaria 2025